[Event "II. CLANSKA LIGA ZAHOD 2024"]
[Site "Komenda"]
[Date "2024.11.17"]
[Round "5.4"]
[White "Krumpak, Hinko"]
[Black "Markovic, Jelena"]
[Result "1-0"]
[WhiteElo "2002"]
[BlackElo "1779"]
[PlyCount "127"]
[EventDate "2024.11.15"]
[WhiteTeam "SK TRZIN"]
[BlackTeam "SD VRHNIKA"]

1. g3 g6 2. Bg2 Bg7 3. Nf3 Nf6 4. O-O O-O 5. c4 c5 6. Nc3 Nc6 7. d4 cxd4 8.
Nxd4 Nxd4 9. Qxd4 d6 10. e4 a6 11. Qd3 Nd7 12. Be3 b5 13. cxb5 axb5 14. Rfb1
Bxc3 15. Qxc3 Bb7 16. Rc1 f6 17. Qb3+ Kg7 18. Qxb5 Bc8 19. Rc2 Ba6 20. Qc6 Rc8
21. Qa4 Rxc2 22. Qxc2 Ne5 23. Bd4 Qa5 24. Qc3 Qxc3 25. Bxc3 Nd7 26. Bf1 Bb7 27.
f3 Ne5 28. Be2 Nd7 29. Bb5 Ne5 30. Rf1 Rb8 31. Be2 Nd7 32. Rd1 Nc5 33. Bd4 Ne6
34. Be3 Rc8 35. Rc1 Ra8 36. a3 Rc8 37. Rxc8 Bxc8 38. b4 Bb7 39. a4 Nc7 40. a5
Kf7 41. b5 e6 42. Bb6 Na8 43. Ba7 Nc7 44. Bb8 Na8 45. Bxd6 Ke8 46. Bb8 Kd7 47.
Bc4 e5 48. Kf2 Kc8 49. Ba7 Nc7 50. Bc5 Kd7 51. Ke3 f5 52. exf5 gxf5 53. g4 f4+
54. Kf2 Ne6 55. Bb6 Nc7 56. Bxc7 Kxc7 57. Bd3 h6 58. h4 Kd6 59. g5 hxg5 60.
hxg5 Kc5 61. g6 Kd4 62. g7 Bd5 63. a6 Kxd3 64. a7 1-0

[Event "II. CLANSKA LIGA ZAHOD 2024"]
[Site "Komenda"]
[Date "2024.11.17"]
[Round "5.4"]
[White "Glavac, Klavdij"]
[Black "Suhadolnik, Jernej"]
[Result "0-1"]
[WhiteElo "1792"]
[BlackElo "1913"]
[PlyCount "54"]
[EventDate "2024.11.15"]
[WhiteTeam "SD VRHNIKA"]
[BlackTeam "SK TRZIN"]

1. e4 b6 2. d4 g6 3. Nf3 e6 4. Nc3 h6 5. Bd3 d6 6. Bf4 a6 7. h3 Nd7 8. Qe2 Ne7
9. Na4 b5 10. Nc3 Nb6 11. a4 b4 12. Na2 a5 13. b3 g5 14. Bh2 Bg7 15. c4 c5 16.
e5 cxd4 17. exd6 Nc6 18. Be4 Bb7 19. c5 Nd7 20. Qb5 Qc8 21. Rc1 f5 22. Bxc6
Qxc6 23. Qxc6 Bxc6 24. Kd2 Bxf3 25. gxf3 f4 26. Rc2 Ne5 27. Ke2 d3+ 0-1

[Event "II. CLANSKA LIGA ZAHOD 2024"]
[Site "Komenda"]
[Date "2024.11.17"]
[Round "5.5"]
[White "Skoberne, Jure"]
[Black "Buha, Drago"]
[Result "1-0"]
[WhiteElo "2540"]
[BlackElo "1957"]
[PlyCount "75"]
[EventDate "2024.11.15"]
[WhiteTeam "SD POSOCJE"]
[BlackTeam "SD RADOVLJICA"]

1. c4 g6 2. d4 d5 3. cxd5 Qxd5 4. Nc3 Qd8 5. e4 Bg7 6. Be3 Nf6 7. h3 O-O 8. g4
b6 9. g5 Ne8 10. Bg2 Bb7 11. Nge2 Nd6 12. O-O Nd7 13. e5 Bxg2 14. Kxg2 Nf5 15.
Ng3 Nxe3+ 16. fxe3 c5 17. Qf3 Rc8 18. h4 Nb8 19. Rad1 Qe8 20. h5 Nc6 21. hxg6
fxg6 22. Qg4 Rxf1 23. Rxf1 Qd8 24. Nge2 Rc7 25. Qe6+ Kh8 26. Nf4 Qe8 27. Rh1
Nxe5 28. dxe5 Qc6+ 29. Qxc6 Rxc6 30. Ncd5 Bf8 31. e6 Kg7 32. e4 b5 33. e5 a5
34. Nf6 exf6 35. gxf6+ Kg8 36. e7 Bxe7 37. fxe7 Rc8 38. Nd5 1-0

[Event "II. CLANSKA LIGA ZAHOD 2024"]
[Site "Komenda"]
[Date "2024.11.17"]
[Round "5.5"]
[White "Prestrl, Jozef"]
[Black "Jovanovic, Zoran"]
[Result "0-1"]
[WhiteElo "1875"]
[BlackElo "2520"]
[PlyCount "56"]
[EventDate "2024.11.15"]
[WhiteTeam "SD RADOVLJICA"]
[BlackTeam "SD POSOCJE"]

1. d4 d6 2. c4 e5 3. dxe5 dxe5 4. Qxd8+ Kxd8 5. Nc3 Be6 6. e3 Nd7 7. Nf3 f6 8.
Be2 c6 9. O-O Nh6 10. h3 a5 11. b3 Kc7 12. Bb2 Nc5 13. Rfd1 a4 14. Ba3 axb3 15.
Bxc5 Bxc5 16. axb3 Bb4 17. Rxa8 Rxa8 18. Nb1 Bf5 19. Nfd2 Bc2 20. Rc1 Ra2 21.
Kf1 Rb2 22. g4 Nf7 23. h4 e4 24. f4 exf3 25. Bxf3 Bd3+ 26. Be2 Bxd2 27. Nxd2
Rxd2 28. Bxd3 Rxd3 0-1

[Event "II. CLANSKA LIGA ZAHOD 2024"]
[Site "Komenda"]
[Date "2024.11.17"]
[Round "5.5"]
[White "Srebrnic, Marko"]
[Black "Krivec, Metod"]
[Result "1-0"]
[WhiteElo "2343"]
[BlackElo "1855"]
[PlyCount "87"]
[EventDate "2024.11.15"]
[WhiteTeam "SD POSOCJE"]
[BlackTeam "SD RADOVLJICA"]

1. e4 e6 2. d4 d5 3. Nc3 Nf6 4. Bg5 Be7 5. e5 Nfd7 6. Bxe7 Qxe7 7. f4 a6 8. Nf3
c5 9. dxc5 Nc6 10. Bd3 Qxc5 11. Qd2 b5 12. O-O-O b4 13. Ne2 Nb6 14. Ned4 Nxd4
15. Nxd4 Bd7 16. Nb3 Qe7 17. Qe3 Nc4 18. Bxc4 dxc4 19. Na5 Bb5 20. Rd6 O-O 21.
Rhd1 Rfc8 22. a3 bxa3 23. Qxa3 Qc7 24. Qc3 Rab8 25. b4 h6 26. R1d4 Rb6 27. g3
Qb8 28. h4 h5 29. Qf3 g6 30. c3 Qc7 31. Rxb6 Qxb6 32. Qb7 Qc7 33. Qxc7 Rxc7 34.
Kd2 Kf8 35. Ke3 Ke7 36. Rd6 Ke8 37. Rb6 Ke7 38. Rb7 Kd7 39. Rxc7+ Kxc7 40. Kd4
Kb6 41. Nxc4+ Bxc4 42. Kxc4 a5 43. bxa5+ Kxa5 44. Kc5 1-0

[Event "II. CLANSKA LIGA ZAHOD 2024"]
[Site "Komenda"]
[Date "2024.11.17"]
[Round "5.5"]
[White "Torkar, Boris"]
[Black "Biti, Ozren"]
[Result "0-1"]
[WhiteElo "1882"]
[BlackElo "2284"]
[PlyCount "87"]
[EventDate "2024.11.15"]
[WhiteTeam "SD RADOVLJICA"]
[BlackTeam "SD POSOCJE"]

1. d4 d6 2. c4 e5 3. dxe5 dxe5 4. Qxd8+ Kxd8 5. Nc3 Be6 6. e3 Nd7 7. Nf3 f6 8.
b3 c6 9. Be2 a5 10. O-O Kc7 11. Bb2 Ne7 12. Rfd1 Nc8 13. h3 Nc5 14. Ba3 Nb6 15.
Rab1 Bf5 16. Bxc5 Bxc5 17. e4 Be6 18. Na4 Nxa4 19. bxa4 Rhd8 20. Kf1 Bb4 21.
Ne1 Bf7 22. Nc2 Bg6 23. f3 f5 24. Bd3 fxe4 25. Bxe4 Bf7 26. Ne3 Bc5 27. Ke2
Bxe3 28. Kxe3 Bxc4 29. Bxh7 Bxa2 30. Ra1 Rxd1 31. Rxd1 Bb3 32. Ra1 Rd8 33. Bd3
Rd4 34. g4 Rxa4 35. Rxa4 Bxa4 36. Ke4 Kd6 37. Kf5 Bd1 38. Kg6 Bxf3 39. Kxg7 e4
40. Bc2 e3 41. Bd3 e2 42. Bxe2 Bxe2 43. Kf6 a4 44. g5 0-1

[Event "II. CLANSKA LIGA ZAHOD 2024"]
[Site "Komenda"]
[Date "2024.11.23"]
[Round "7.1"]
[White "Zirkelbach, Maj"]
[Black "Babarovic, Fran"]
[Result "1-0"]
[WhiteElo "2261"]
[BlackElo "1757"]
[PlyCount "55"]
[EventDate "2024.11.15"]
[WhiteTeam "SD KRKA NOVO MESTO"]
[BlackTeam "SK KOMENDA"]

1. d4 d5 2. c4 c6 3. Nf3 Nf6 4. Nc3 e6 5. e3 Nbd7 6. Qc2 Be7 7. Bd3 dxc4 8.
Bxc4 b5 9. Bd3 Bb7 10. O-O a6 11. a4 b4 12. Ne4 a5 13. Rd1 Qb6 14. Nxf6+ Bxf6
15. e4 Be7 16. Be3 Qd8 17. Rac1 O-O 18. e5 h6 19. Qe2 Nb6 20. Bxh6 f5 21. exf6
Rxf6 22. Bg5 Rf7 23. h4 Qd5 24. Be4 Qd6 25. Ne5 Rf5 26. Qh5 Raf8 27. g4 Bxg5
28. hxg5 1-0

[Event "II. CLANSKA LIGA ZAHOD 2024"]
[Site "Komenda"]
[Date "2024.11.23"]
[Round "7.1"]
[White "Novakovic, Gosto"]
[Black "Kastelic, Marjan"]
[Result "0-1"]
[WhiteElo "1789"]
[BlackElo "2258"]
[PlyCount "52"]
[EventDate "2024.11.15"]
[WhiteTeam "SK KOMENDA"]
[BlackTeam "SD KRKA NOVO MESTO"]

1. e4 c5 2. Nf3 d6 3. h3 e5 4. Bc4 Be7 5. Nc3 Nf6 6. d3 O-O 7. Nd5 Nxd5 8. Bxd5
Nd7 9. a3 Rb8 10. Be3 b5 11. O-O Nb6 12. Ba2 Kh8 13. Qd2 f5 14. Bg5 f4 15. Bxe7
Qxe7 16. Kh2 g5 17. g4 h5 18. gxh5 g4 19. Ng1 Qh4 20. c3 Rb7 21. d4 exd4 22.
cxd4 c4 23. e5 Rg7 24. Rae1 g3+ 25. fxg3 Qxg3+ 26. Kh1 Bb7+ 0-1

[Event "II. CLANSKA LIGA ZAHOD 2024"]
[Site "Komenda"]
[Date "2024.11.23"]
[Round "7.1"]
[White "Zupancic, Urban"]
[Black "Novakovic, Julian"]
[Result "0-1"]
[WhiteElo "2071"]
[BlackElo "1892"]
[PlyCount "62"]
[EventDate "2024.11.15"]
[WhiteTeam "SD KRKA NOVO MESTO"]
[BlackTeam "SK KOMENDA"]

1. e4 d6 2. d4 Nf6 3. Nc3 g6 4. Nge2 Bg7 5. g3 O-O 6. Bg2 Nc6 7. O-O e5 8. d5
Ne7 9. h3 Nh5 10. g4 Nf6 11. Ng3 Ne8 12. Be3 f5 13. gxf5 gxf5 14. exf5 Nxf5 15.
Nxf5 Bxf5 16. Be4 Qd7 17. Qh5 Bxe4 18. Nxe4 Nf6 19. Nxf6+ Rxf6 20. Kh2 Raf8 21.
Rg1 Kh8 22. Rg4 Rf5 23. Qh4 e4 24. Rag1 Be5+ 25. Kh1 Qf7 26. Rxe4 Rh5 27. Qg4
Qxd5 28. c4 Rxh3+ 29. Qxh3 Qxe4+ 30. Rg2 Qxc4 31. b3 Qf1+ 0-1

[Event "II. CLANSKA LIGA ZAHOD 2024"]
[Site "Komenda"]
[Date "2024.11.23"]
[Round "7.1"]
[White "Debeljak, Jaka"]
[Black "Rifelj, Luka"]
[Result "1/2-1/2"]
[WhiteElo "1817"]
[BlackElo "1962"]
[PlyCount "75"]
[EventDate "2024.11.15"]
[WhiteTeam "SK KOMENDA"]
[BlackTeam "SD KRKA NOVO MESTO"]

1. d4 Nf6 2. Nc3 d5 3. Bf4 e6 4. Nb5 Na6 5. e3 c6 6. Nc3 Be7 7. Nf3 O-O 8. h3
Qa5 9. Bd3 c5 10. O-O c4 11. Be2 b5 12. a3 Bb7 13. Ne5 Rac8 14. f3 Rfd8 15. Bh2
Nb8 16. g4 Nc6 17. g5 Nd7 18. Nxd7 Rxd7 19. f4 Qb6 20. Bg4 Re8 21. Ne2 Rdd8 22.
c3 e5 23. fxe5 Bxg5 24. Bf4 Bh4 25. Kh2 Ne7 26. Ng1 Bc8 27. Bxc8 Rxc8 28. Qg4
Ng6 29. Nf3 Qe6 30. Qh5 Bd8 31. Rg1 f6 32. Rg3 fxe5 33. Bxe5 Rf8 34. Rag1 Qf5
35. Ng5 Bxg5 36. Rxg5 Qc2+ 37. R1g2 Rf2 38. Qg4 1/2-1/2

[Event "II. CLANSKA LIGA ZAHOD 2024"]
[Site "Komenda"]
[Date "2024.11.23"]
[Round "7.1"]
[White "Pajek, Tjasa"]
[Black "Novakovic, Novica"]
[Result "1-0"]
[WhiteElo "1764"]
[BlackElo "1780"]
[PlyCount "161"]
[EventDate "2024.11.15"]
[WhiteTeam "SD KRKA NOVO MESTO"]
[BlackTeam "SK KOMENDA"]

1. e4 c6 2. d4 d5 3. e5 Bf5 4. Bd3 Bxd3 5. Qxd3 e6 6. f4 Qb6 7. Nf3 c5 8. c3
Nc6 9. O-O cxd4 10. cxd4 Nge7 11. Nc3 Nf5 12. Rd1 Rc8 13. g4 Nfe7 14. a3 Ng6
15. Na4 Qd8 16. Bd2 Be7 17. f5 Nh4 18. Nxh4 Bxh4 19. fxe6 fxe6 20. Rf1 Be7 21.
Rac1 g6 22. b4 Qd7 23. b5 Nd8 24. Rxc8 Qxc8 25. Bh6 b6 26. Nc3 Nf7 27. Bg7 Rg8
28. Bf6 Qc7 29. Qe3 g5 30. Ne2 Rg6 31. Rc1 Qb8 32. Bxe7 Kxe7 33. Qc3 Kd8 34.
Ng3 Nh6 35. h3 Rg7 36. Qb4 Rf7 37. Nh5 Ng8 38. Rc6 Re7 39. Rd6+ Ke8 40. Nf6+
Nxf6 41. exf6 Rd7 42. Rxe6+ Kd8 43. Qf8+ Kc7 44. Rc6+ Kb7 45. Qxb8+ Kxb8 46.
Kf2 Rf7 47. Kg3 Kb7 48. h4 h6 49. hxg5 hxg5 50. Re6 Kc7 51. Re5 Kd6 52. Rxg5
Rxf6 53. Rg7 Rf1 54. Rxa7 Rd1 55. Ra4 Ke6 56. Kf4 Rf1+ 57. Kg5 Rd1 58. Kg6 Rd3
59. g5 Rd1 60. Ra6 Rxd4 61. Rxb6+ Ke5 62. Rc6 Ra4 63. Ra6 Rc4 64. Ra7 d4 65.
Kh7 d3 66. Rd7 Rh4+ 67. Kg7 Rd4 68. Rxd4 Kxd4 69. b6 d2 70. b7 d1=Q 71. b8=Q
Ke4 72. Qf8 Qd7+ 73. Kh6 Qh3+ 74. Kg6 Qe6+ 75. Qf6 Qg8+ 76. Kh6 Qb3 77. g6 Qh3+
78. Kg7 Qxa3 79. Kg8 Qa8+ 80. Kf7 Kd5 81. Qf3+ 1-0

[Event "II. CLANSKA LIGA ZAHOD 2024"]
[Site "Komenda"]
[Date "2024.11.23"]
[Round "7.2"]
[White "Rozman, Mitja"]
[Black "Sirnik, Bostjan"]
[Result "0-1"]
[WhiteElo "1995"]
[BlackElo "2184"]
[PlyCount "110"]
[EventDate "2024.11.15"]
[WhiteTeam "DRUSTVO TOMO ZUPAN"]
[BlackTeam "SK RIMEX ILIRSKA BISTRICA"]

1. Nf3 d5 2. g3 c6 3. Bg2 Bf5 4. d3 e6 5. Nbd2 Nf6 6. c3 Be7 7. a4 a5 8. Nh4
Bg4 9. h3 Bh5 10. Ndf3 Nfd7 11. Bf1 f6 12. Nd4 Bf7 13. Bg2 O-O 14. O-O Re8 15.
e4 dxe4 16. dxe4 Nc5 17. Qg4 Nbd7 18. Rd1 Qc8 19. Be3 Nf8 20. Ndf5 exf5 21.
Nxf5 Nfe6 22. b4 Na6 23. e5 Bg6 24. exf6 Bxf5 25. f7+ Kxf7 26. Qxf5+ Kg8 27. b5
Nac5 28. bxc6 bxc6 29. Qh5 Nd7 30. Rab1 Nf6 31. Qf5 Nf8 32. Qf4 Kh8 33. Qc4 Nd5
34. Bxd5 cxd5 35. Qxd5 Qxc3 36. Bd4 Qc8 37. Qf7 Ne6 38. Rbc1 Qa6 39. Rc4 Nxd4
40. Rcxd4 Bf6 41. Rd6 Qe2 42. R1d2 Qe1+ 43. Kh2 Qe7 44. Qh5 Rad8 45. Rxd8 Rxd8
46. Re2 Qd7 47. Qxa5 h6 48. Qb4 Qd3 49. Qg4 Qb1 50. Qh5 Kh7 51. Qg4 Rd1 52. Qf3
Rd4 53. Qc6 Qd1 54. Re4 Qf3 55. Qc2 Qxe4 0-1

[Event "II. CLANSKA LIGA ZAHOD 2024"]
[Site "Komenda"]
[Date "2024.11.23"]
[Round "7.2"]
[White "Sajn, Simon"]
[Black "Demsar, Maks"]
[Result "1/2-1/2"]
[WhiteElo "2102"]
[BlackElo "1958"]
[PlyCount "84"]
[EventDate "2024.11.15"]
[WhiteTeam "SK RIMEX ILIRSKA BISTRICA"]
[BlackTeam "DRUSTVO TOMO ZUPAN"]

1. d4 Nf6 2. Nf3 c5 3. e3 e6 4. Be2 Be7 5. O-O O-O 6. c4 d5 7. cxd5 exd5 8. b3
Nc6 9. Bb2 b6 10. Nc3 Bb7 11. Rc1 cxd4 12. Nxd4 Nxd4 13. Qxd4 Bc5 14. Qf4 Qe7
15. Nb5 Ba6 16. Bxf6 Qxf6 17. Qxf6 gxf6 18. Nc3 Bb7 19. Bf3 Rad8 20. Na4 Bd6
21. g3 Be5 22. Rfd1 Rfe8 23. Rc2 Re7 24. b4 d4 25. Bxb7 Rxb7 26. f4 Bd6 27.
Rxd4 Rbb8 28. Rcd2 Be7 29. Rxd8+ Rxd8 30. Rxd8+ Bxd8 31. g4 Kf8 32. Nc3 Ke7 33.
Kf2 a5 34. bxa5 bxa5 35. Ke2 Kd6 36. Kd3 Kc5 37. a4 Kb4 38. e4 Kb3 39. h3 Bc7
40. Nd5 Bd8 41. Nc3 Bc7 42. Nd5 Bd8 1/2-1/2

[Event "II. CLANSKA LIGA ZAHOD 2024"]
[Site "Komenda"]
[Date "2024.11.23"]
[Round "7.2"]
[White "Mlacnik, Franc"]
[Black "Cibej, Marjan"]
[Result "0-1"]
[WhiteElo "1963"]
[BlackElo "2065"]
[PlyCount "76"]
[EventDate "2024.11.15"]
[WhiteTeam "DRUSTVO TOMO ZUPAN"]
[BlackTeam "SK RIMEX ILIRSKA BISTRICA"]

1. d4 d5 2. Nf3 Bf5 3. g3 e6 4. Bg2 Nf6 5. O-O Be7 6. b3 O-O 7. Bb2 Nbd7 8. c4
c6 9. Nc3 h6 10. Nd2 a5 11. e4 dxe4 12. Ndxe4 Nxe4 13. Nxe4 Nf6 14. Nc3 Qb6 15.
Qd2 Rfd8 16. Rad1 Bg4 17. f3 Bf5 18. Qf2 Qa7 19. g4 Bg6 20. Kh1 Rd7 21. h4 Rad8
22. g5 hxg5 23. hxg5 Ne8 24. f4 Nd6 25. d5 Qxf2 26. Rxf2 cxd5 27. cxd5 Nf5 28.
Re1 exd5 29. Bxd5 Rxd5 30. Nxd5 Rxd5 31. Re5 Rd1+ 32. Kg2 b6 33. Rfe2 Bc5 34.
Re8+ Kh7 35. Rc8 Bh5 36. Ree8 Rg1+ 37. Kh2 Bf3 38. Rxc5 Rh1# 0-1

[Event "II. CLANSKA LIGA ZAHOD 2024"]
[Site "Komenda"]
[Date "2024.11.23"]
[Round "7.2"]
[White "Solmajer, Luka"]
[Black "Bobnar, Samo"]
[Result "1/2-1/2"]
[WhiteElo "2006"]
[BlackElo "1939"]
[PlyCount "73"]
[EventDate "2024.11.15"]
[WhiteTeam "SK RIMEX ILIRSKA BISTRICA"]
[BlackTeam "DRUSTVO TOMO ZUPAN"]

1. d4 d5 2. c4 e5 3. dxe5 Ne7 4. Nf3 Nbc6 5. cxd5 Qxd5 6. Qxd5 Nxd5 7. e4 Ndb4
8. Na3 Be6 9. Bb5 O-O-O 10. O-O h6 11. Be3 g5 12. Rfd1 Bg7 13. Nd4 Bxe5 14.
Bxc6 Nxc6 15. Nxe6 fxe6 16. Nc4 Bf6 17. a4 a6 18. Rac1 Nd4 19. Kf1 Nc6 20. b3
h5 21. h3 g4 22. hxg4 hxg4 23. Rxd8+ Rxd8 24. Ke2 e5 25. Rd1 Rxd1 26. Kxd1 Kd7
27. Kd2 Be7 28. f4 gxf3 29. gxf3 b5 30. Nb2 Bb4+ 31. Kc2 Ba5 32. Nd3 Nb4+ 33.
Nxb4 Bxb4 34. f4 exf4 35. Bxf4 c5 36. Kd3 Ke6 37. Bd2 1/2-1/2

[Event "II. CLANSKA LIGA ZAHOD 2024"]
[Site "Komenda"]
[Date "2024.11.23"]
[Round "7.2"]
[White "Smirnov, Maksim"]
[Black "Bradac, Simon"]
[Result "1-0"]
[WhiteElo "1839"]
[BlackElo "1921"]
[PlyCount "71"]
[EventDate "2024.11.15"]
[WhiteTeam "DRUSTVO TOMO ZUPAN"]
[BlackTeam "SK RIMEX ILIRSKA BISTRICA"]

1. d4 Nf6 2. Bf4 d5 3. Nf3 e6 4. e3 Bd6 5. Bg3 O-O 6. c3 b6 7. Bd3 c5 8. Nbd2
Bb7 9. Bxd6 Qxd6 10. Ne5 Nbd7 11. f4 Ne4 12. O-O f6 13. Nxd7 Qxd7 14. Bxe4 dxe4
15. Re1 Rfd8 16. Nb3 Qe7 17. Qe2 a5 18. dxc5 a4 19. Nd4 Ba6 20. Qf2 Qe8 21.
cxb6 Rab8 22. f5 exf5 23. Qxf5 Rxb6 24. b3 Qe5 25. Qg4 h5 26. Qg6 Bc8 27. Rf1
Bg4 28. h3 Bd7 29. Rf4 axb3 30. axb3 Qc5 31. Ra7 Qf8 32. Qxh5 Be8 33. Qf5 Bf7
34. Qxe4 Re8 35. Qd3 Qc5 36. Rh4 1-0

[Event "II. CLANSKA LIGA ZAHOD 2024"]
[Site "Komenda"]
[Date "2024.11.23"]
[Round "7.2"]
[White "Delost, Josko"]
[Black "Bobnar, Vid"]
[Result "1-0"]
[WhiteElo "1798"]
[BlackElo "1720"]
[PlyCount "103"]
[EventDate "2024.11.15"]
[WhiteTeam "SK RIMEX ILIRSKA BISTRICA"]
[BlackTeam "DRUSTVO TOMO ZUPAN"]

1. d4 d5 2. Bf4 Nf6 3. e3 e6 4. Bd3 Bd6 5. Bg3 b6 6. c3 O-O 7. Nf3 Bb7 8. Ne5
c5 9. Nd2 Ne4 10. O-O f5 11. Bxe4 dxe4 12. Rc1 Bxe5 13. Bxe5 Ba6 14. Re1 Nc6
15. Bg3 cxd4 16. cxd4 Nb4 17. Qa4 Nd3 18. Qxa6 Nxe1 19. Rxe1 Qd7 20. Nb1 b5 21.
a3 Rf7 22. Rc1 Qd5 23. Rc8+ Rxc8 24. Qxc8+ Rf8 25. Qc1 Qd7 26. Qd2 Rc8 27. h3
a6 28. Be5 Qc6 29. Nc3 Qc4 30. d5 exd5 31. Qxd5+ Qxd5 32. Nxd5 Rc1+ 33. Kh2 Kf7
34. Bc3 Rc2 35. Kg3 g5 36. f3 exf3 37. Kxf3 h5 38. Nb4 Rc1 39. Nd3 Rf1+ 40. Ke2
Rg1 41. Kf2 Rd1 42. Ne1 g4 43. hxg4 hxg4 44. Kg3 Ke6 45. e4 Rb1 46. Kf4 fxe4
47. Kxe4 a5 48. Nd3 b4 49. axb4 axb4 50. Bxb4 Rg1 51. Bc3 Rf1 52. Nf4+ 1-0

[Event "II. CLANSKA LIGA ZAHOD 2024"]
[Site "Komenda"]
[Date "2024.11.23"]
[Round "7.3"]
[White "Vodnik, Val"]
[Black "Bratovic, Blaz"]
[Result "0-1"]
[WhiteElo "1793"]
[BlackElo "2320"]
[PlyCount "110"]
[EventDate "2024.11.15"]
[WhiteTeam "SD VRHNIKA"]
[BlackTeam "SD GORENJKA LESCE"]

1. d4 f5 2. c4 Nf6 3. Nc3 e6 4. g3 d5 5. Bg2 c6 6. Nf3 Bd6 7. O-O O-O 8. b3 b6
9. a4 Qe7 10. Bf4 Bxf4 11. gxf4 a5 12. Ne5 Bb7 13. e3 Nbd7 14. Nxd7 Nxd7 15.
Nb1 Rf6 16. Nd2 Rg6 17. cxd5 c5 18. Kh1 Nf6 19. Nc4 Nxd5 20. Rg1 Qh4 21. Qf3
Rb8 22. Ne5 Rh6 23. Qg3 cxd4 24. exd4 Qxf4 25. Qxf4 Nxf4 26. Bxb7 Rxb7 27. Rac1
Rf6 28. Rc8+ Rf8 29. Rgc1 Ne2 30. R1c4 g5 31. R8c6 Re8 32. Rd6 Kg7 33. Kg2 Kf6
34. Rxb6 Rxb6 35. Nd7+ Ke7 36. Nxb6 Rb8 37. Kf1 Nxd4 38. Nc8+ Kf6 39. Rxd4 Rxc8
40. Rd7 h5 41. Rb7 Rc2 42. Rb5 Rb2 43. Rxa5 Rxb3 44. Ra8 Ke5 45. a5 Ra3 46. a6
g4 47. a7 h4 48. h3 g3 49. fxg3 hxg3 50. h4 f4 51. Kg2 Ra2+ 52. Kh3 Rh2+ 53.
Kg4 g2 54. Rb8 g1=Q+ 55. Kh5 Qxa7 0-1

[Event "II. CLANSKA LIGA ZAHOD 2024"]
[Site "Komenda"]
[Date "2024.11.23"]
[Round "7.3"]
[White "Mencinger, Vojko"]
[Black "Gorsic, Jure"]
[Result "1-0"]
[WhiteElo "2276"]
[BlackElo "1870"]
[PlyCount "51"]
[EventDate "2024.11.15"]
[WhiteTeam "SD GORENJKA LESCE"]
[BlackTeam "SD VRHNIKA"]

1. e4 c5 2. Nf3 e6 3. d4 cxd4 4. Nxd4 a6 5. Bd3 Qc7 6. O-O Nf6 7. Qe2 d6 8. Kh1
Be7 9. f4 Nfd7 10. c4 Bf6 11. Be3 Nc6 12. Nxc6 Qxc6 13. Nc3 Nc5 14. Nd5 Bd8 15.
Bc2 O-O 16. Nc3 Bf6 17. e5 Be7 18. Bxc5 Qxc5 19. Bxh7+ Kxh7 20. Ne4 Qc6 21.
Rad1 d5 22. Qh5+ Kg8 23. Nf6+ Bxf6 24. exf6 e5 25. fxe5 Qe6 26. Rd4 1-0

[Event "II. CLANSKA LIGA ZAHOD 2024"]
[Site "Komenda"]
[Date "2024.11.23"]
[Round "7.3"]
[White "Vogrin, Aljaz"]
[Black "Pavlin, Damijan"]
[Result "0-1"]
[WhiteElo "1783"]
[BlackElo "1961"]
[PlyCount "44"]
[EventDate "2024.11.15"]
[WhiteTeam "SD VRHNIKA"]
[BlackTeam "SD GORENJKA LESCE"]

1. d4 Nf6 2. c4 e6 3. Nc3 c5 4. d5 exd5 5. cxd5 d6 6. Bf4 a6 7. a4 g6 8. h3 Bg7
9. e3 O-O 10. Nf3 Re8 11. Be2 Qc7 12. O-O Nbd7 13. a5 b5 14. Bxb5 axb5 15. Nxb5
Qd8 16. Bxd6 Ba6 17. Nc7 Bxf1 18. Kxf1 Ra7 19. Nxe8 Nxe8 20. Bf4 Rxa5 21. e4
Qb6 22. e5 Qa6+ 0-1

[Event "II. CLANSKA LIGA ZAHOD 2024"]
[Site "Komenda"]
[Date "2024.11.23"]
[Round "7.4"]
[White "Skoberne, Jure"]
[Black "Skrbec, Leon"]
[Result "1-0"]
[WhiteElo "2540"]
[BlackElo "2237"]
[PlyCount "61"]
[EventDate "2024.11.15"]
[WhiteTeam "SD POSOCJE"]
[BlackTeam "SK POSTOJNA"]

1. d4 Nf6 2. Nf3 b6 3. Bf4 Bb7 4. e3 d6 5. c4 e6 6. Nc3 Be7 7. h3 O-O 8. Bd3 c5
9. O-O cxd4 10. exd4 d5 11. Qe2 Nbd7 12. Rfd1 Rc8 13. cxd5 Nxd5 14. Nxd5 Bxd5
15. Ba6 Ra8 16. Rac1 Qe8 17. Rc7 Bd8 18. Rc3 Qe7 19. Rdc1 Qf6 20. Qe3 h6 21.
Bb5 Qe7 22. Bxh6 gxh6 23. Bxd7 Kg7 24. Bc6 Bxc6 25. Rxc6 Qd7 26. Ne5 Qd5 27.
Qg3+ Kh7 28. Rc7 Bxc7 29. Rxc7 Qe4 30. Nxf7 Qb1+ 31. Kh2 1-0

[Event "II. CLANSKA LIGA ZAHOD 2024"]
[Site "Komenda"]
[Date "2024.11.23"]
[Round "7.4"]
[White "Cepon, Dusan"]
[Black "Srebrnic, Marko"]
[Result "1-0"]
[WhiteElo "2066"]
[BlackElo "2343"]
[PlyCount "161"]
[EventDate "2024.11.15"]
[WhiteTeam "SK POSTOJNA"]
[BlackTeam "SD POSOCJE"]

1. d4 Nf6 2. Nf3 d6 3. c4 g6 4. g3 Bg7 5. Bg2 O-O 6. O-O Nbd7 7. b3 e5 8. dxe5
Ng4 9. Bb2 Ngxe5 10. Nxe5 Nxe5 11. Nc3 Bd7 12. Qd2 Bc6 13. Nd5 a5 14. Rad1 a4
15. Bxe5 Bxe5 16. b4 a3 17. b5 Bd7 18. Nb4 Qb8 19. Nd5 Qd8 20. f4 Bg7 21. Nb4
Qb8 22. f5 Bxf5 23. Rxf5 gxf5 24. Qg5 Qd8 25. Qxf5 Qf6 26. Qxf6 Bxf6 27. Bxb7
Ra4 28. Nd5 Kg7 29. Rc1 Bd4+ 30. Kf1 Bb6 31. Ba6 h5 32. Rc3 Rh8 33. Bc8 Rh6 34.
Bf5 Ba5 35. Rc2 h4 36. g4 Kf8 37. h3 Ke8 38. e4 Kd8 39. Ke2 Rh8 40. Kd3 Re8 41.
Rf2 Bb6 42. Rf3 Re5 43. g5 Bg1 44. Kc3 Bh2 45. Nb4 Rc5 46. Kb3 Ra8 47. Nd3 Re5
48. Nxe5 Bxe5 49. Bg4 Ke7 50. Bh5 f6 51. gxf6+ Bxf6 52. Kb4 Rg8 53. Bg4 Bb2 54.
Rf5 Rh8 55. c5 dxc5+ 56. Rxc5 Kd6 57. Rc6+ Ke5 58. Rxc7 Kxe4 59. b6 Be5 60. Rf7
Rh6 61. b7 Rb6+ 62. Kxa3 Kd3 63. Re7 Kc3 64. Be2 Bd4 65. Rc7+ Kd2 66. Bf1 Be5
67. Rd7+ Kc3 68. Ka4 Rb1 69. Bg2 Rb2 70. Bd5 Rb4+ 71. Ka5 Bb8 72. Bb3 Rd4 73.
Rxd4 Kxd4 74. Kb6 Kc3 75. Be6 Kb4 76. Bd7 Ka3 77. Be6 Ka4 78. Bf7 Kb4 79. Bb3
Ka3 80. Kc6 Kb4 81. Kd7 1-0

[Event "II. CLANSKA LIGA ZAHOD 2024"]
[Site "Komenda"]
[Date "2024.11.23"]
[Round "7.4"]
[White "Podlesnik, Bogdan"]
[Black "Hrescak, Ivana"]
[Result "1/2-1/2"]
[WhiteElo "2287"]
[BlackElo "2078"]
[PlyCount "73"]
[EventDate "2024.11.15"]
[WhiteTeam "SD POSOCJE"]
[BlackTeam "SK POSTOJNA"]

1. e4 c5 2. Nc3 Nc6 3. Nge2 d6 4. d4 cxd4 5. Nxd4 a6 6. Be3 g6 7. Be2 Bg7 8.
O-O Nf6 9. f4 O-O 10. a4 Bd7 11. Nb3 Be6 12. Bf3 Qc7 13. Nd5 Bxd5 14. exd5 Na5
15. Nxa5 Qxa5 16. c3 Rac8 17. Qb3 Qc7 18. Bb6 Qc4 19. Qxc4 Rxc4 20. Be3 Rc7 21.
a5 Nd7 22. Bd1 Rb8 23. Ba7 Ra8 24. Bf2 Rb8 25. Re1 Bf6 26. g4 h6 27. Bf3 g5 28.
fxg5 hxg5 29. Red1 Kg7 30. Ra4 Rh8 31. Kf1 Ne5 32. Be2 Ng6 33. Be3 Be5 34. h3
Bf4 35. Bf2 Be5 36. Be3 Bf4 37. Bf2 1/2-1/2

[Event "II. CLANSKA LIGA ZAHOD 2024"]
[Site "Komenda"]
[Date "2024.11.23"]
[Round "7.4"]
[White "Pridigar, Lovro"]
[Black "Biti, Ozren"]
[Result "0-1"]
[WhiteElo "2058"]
[BlackElo "2284"]
[PlyCount "106"]
[EventDate "2024.11.15"]
[WhiteTeam "SK POSTOJNA"]
[BlackTeam "SD POSOCJE"]

1. d4 d6 2. Nf3 g6 3. e4 Nf6 4. Bd3 Bg7 5. O-O O-O 6. c3 Nc6 7. h3 e5 8. Re1 h6
9. d5 Ne7 10. Bd2 Nd7 11. Nh2 f5 12. f3 f4 13. b4 h5 14. c4 g5 15. Nc3 Ng6 16.
Qc2 Nf6 17. Be2 Rf7 18. Nd1 Bf8 19. Nf2 Rg7 20. Rec1 Nh4 21. Be1 Qe8 22. c5 Be7
23. Nh1 Ng6 24. c6 b6 25. Bc3 g4 26. hxg4 hxg4 27. fxg4 Nh7 28. Kf1 Bh4 29. Be1
Qe7 30. Bf3 Nf6 31. Bxh4 Nxh4 32. Nf2 Rh7 33. Nh3 Nxf3 34. Nxf3 Nxg4 35. Ke1
Ne3 36. Qf2 Rg7 37. Nhg5 Rxg5 38. Nxg5 Qxg5 39. Kd2 Bg4 40. Rh1 Kg7 41. Qh4
Qxh4 42. Rxh4 Rh8 43. Rah1 Rxh4 44. Rxh4 Bc8 45. Rh5 Bg4 46. Rh4 Bc8 47. Rh5
Nf1+ 48. Ke1 Ng3 49. Rh4 Nxe4 50. Rh5 Nf6 51. Rh1 Nxd5 52. a3 Ba6 53. Rh5 Bb5
0-1